The novels of Manohar Malgaonkar : (Record no. 128506)

MARC details
000 -LEADER
fixed length control field 00929nam a22002537a 4500
005 - DATE AND TIME OF LATEST TRANSACTION
control field 20170124110040.0
010 ## - LIBRARY OF CONGRESS CONTROL NUMBER
LC control number A-759304
020 ## - INTERNATIONAL STANDARD BOOK NUMBER
Terms of availability 00.00
International Standard Book Number 8170188520
035 ## - SYSTEM CONTROL NUMBER
System control number A-759304
037 ## - SOURCE OF ACQUISITION
Source of stock number/acquisition Cen Lib/Ret
040 ## - CATALOGING SOURCE
Original cataloging agency DPL
Language of cataloging EN
082 ## - DEWEY DECIMAL CLASSIFICATION NUMBER
Classification number 883.08
Item number SHA
100 ## - MAIN ENTRY--PERSONAL NAME
Personal name Sharma, Ashok Kumar
9 (RLIN) 23626
245 ## - TITLE STATEMENT
Title The novels of Manohar Malgaonkar :
Statement of responsibility, etc by Ashok Kumar Sharma and edited by A. N. Dwivedi
Remainder of title a study /
260 ## - PUBLICATION, DISTRIBUTION, ETC. (IMPRINT)
Date of publication, distribution, etc 1995
Place of publication, distribution, etc Delhi
Name of publisher, distributor, etc B.R. Publishing
270 ## - ADDRESS
City Delhi
Address A-6, Nimri Community Centre, Ashok Vihar-IV, Near Bharat Nagar
Postal code 110052
300 ## - PHYSICAL DESCRIPTION
Extent viii,122p.
Dimensions 20cm(Hb)
490 ## - SERIES STATEMENT
Series statement Indian writers series ; edited by A. N. Dwivedi
500 ## - GENERAL NOTE
General note Includes bibliographical references and index<br/>
650 ## - SUBJECT ADDED ENTRY--TOPICAL TERM
Topical term or geographic name as entry element Malgonkar, Manohar, -- 1913-2010 -- Fictional works
9 (RLIN) 23627
650 ## - SUBJECT ADDED ENTRY--TOPICAL TERM
Topical term or geographic name as entry element India -- In literature
9 (RLIN) 102526
700 ## - ADDED ENTRY--PERSONAL NAME
Personal name Dwivedi, A. N.
9 (RLIN) 102527
942 ## - ADDED ENTRY ELEMENTS (KOHA)
Source of classification or shelving scheme Dewey Decimal Classification
Koha item type English Books
Classification part 883.08
Call number suffix SHA
Holdings
Withdrawn status Lost status Damaged status Not for loan Home library Current library Date acquired Source of acquisition Cost, normal purchase price Total Checkouts Full call number Barcode Date last seen Copy number Cost, replacement price Price effective from Koha item type
        Central Library Central Library 02/07/2015 Cen Lib/Ret 0.00   883.08 SHA A-759304 02/07/2015 1 0.00 02/07/2015 English Books

© Delhi Public Library
Hit Counter
free hit counter